000 00327nam a22001217a 4500
008 160423b xxu||||| |||| 00| 0 eng d
020 _a9780763735555
020 _a0763735558
041 _aeng
080 _a612.39
245 _aNutrition concepts and controversies:
_cFrances Sienkiewicz Sizer; Ellie Whitner;
942 _2udc
_cBK
999 _c1556
_d1556